000 01140nam a2200253 a 4500
001 000006391
003 DO-SdBNP
005 20260123123144.0
008 090828s2000 dr r 001 0 spa d
040 _aDO-SdBNP
_bspa
_cBNPHU
082 _a341.77
_bC827p
245 0 3 _aLa corte penal internacional.
260 _aSanto Domingo :
_bLibrería La Filantrópica,
_c2000.
300 _a535 p. ;
_c21 cm.
505 0 _aPresentación --
_tImpunidad, globalización de la justicia penal /
_rJuan Miguel Castillo Pantaleón --
_tEstatuto de Roma, de la Corte Penal Internacional, aprobado el 17 de julio de 1998 --
_tInformes de la Comisión preparatoria: proyecto de texto definitivo de los elementos de los crímenes; proyecto de texto definitivo de las reglas de procedimiento y prueba.
590 _aInventariado, 2018/BT
610 2 0 _aCorte internacional de justicia
_988900
650 4 _aTribunales internacionales
_917772
650 0 _aDerecho internacional
_93258
650 0 _aDerecho penal
_917405
650 4 _aProcedimiento penal (derecho internacional)
_917773
910 _aValidado. Control de calidad. EMS
942 _2ddc
_cLBS1
999 _c6186
_d6186